000 00622nam a2200265Ia 4500
005 20260121170704.0
008 008 260114s9999 xx 000 0 eng d
020 _a9783319896205
037 _aEBOOK
040 _aCRL
040 _beng
040 _cCRL
041 _2eng
041 _aeng
084 _qCRL
100 _aIvan Markovsky
_91066965
245 0 _aLow-Rank Approximation
260 _bSpringer
260 _bSpringer
260 _c2019
856 _uhttps://link.springer.com/openurl?genre=book&isbn=978-3-319-89620-5
942 _cEBOOK
999 _c1632695
_d1632695